008370000a220013300045001000021000002450031000213000046000525000247000985200219003457730024005649420008005889520090005969990017006861 aFumero, Mario E.10aLos peligros de la iglesia aVol.3, núm.14 (1996), Páginas 219-220 aMario E. Fumero es pastor, autor y productor radial. Ha fundado iglesias e insttituciones de rehabilitación para drogadictos y alcohólicos en Honduras y España. Actualmente reside con su esposa Lisbeth y sus tres hijos en Tegucigalpa. aLa iglesia hoy enfrenta una serie de peligros que la pueden llevar hacia la apostasía. Este fenómeno está anunciado como uno de los condicionantes de los últimos tiempos, los cuales serán muy peligrosos.0 tConquista Cristiana cANA 001040708HEMaFUSBCbFUSBCd2016-01-26l0o r2016-01-26 00:00:00w2016-01-26yANA c60682d60682